logo

Bir Sreshtho Munshi Abdur Rouf Library
Jhenaidah Cadet College

কোরআন শরীফ : (Record no. 6153)

MARC details
000 -LEADER
fixed length control field 00802nam a2200229 a 4500
001 - CONTROL NUMBER
JCCL Control Number 6153
003 - CONTROL NUMBER IDENTIFIER
JCCL marc code BD-JhCC
005 - DATE AND TIME OF LATEST TRANSACTION
control field 20180120165256.0
008 - FIXED-LENGTH DATA ELEMENTS--GENERAL INFORMATION
fixed length control field 180114s2010 b |||| || | 000 0 b d
020 ## - INTERNATIONAL STANDARD BOOK NUMBER
International Standard Book Number 98484900116
035 ## - SYSTEM CONTROL NUMBER
system control number (BD-JhCC)6153
040 ## - CATALOGING SOURCE
Original cataloging agency BD-JhCC
Modifying agency BD-JhCC
041 ## - LANGUAGE CODE
Language code of Book eng
082 ## - DEWEY DECIMAL CLASSIFICATION NUMBER
Classification number 297.1227
Author mark and Year QUR 2010
245 ## - TITLE STATEMENT
Title কোরআন শরীফ :
Remainder of title সহজ সরল বাংলা অনুবাদ /
Statement of responsibility, etc হফেজ মুনির উদ্দিন আহমেদ (অনুবাদক)
260 ## - PUBLICATION, DISTRIBUTION, ETC. (IMPRINT)
Place of publication, distribution, etc ঢাকা :
Name of publisher, distributor, etc আল কোরআন একাডেমী লন্ডন,
Date of publication, distribution, etc 2010
300 ## - PHYSICAL DESCRIPTION
Pagination 969 p. :
Dimensions 16 cm.
650 ## - SUBJECT ADDED ENTRY--TOPICAL TERM
Topical term or geographic name as entry element Al- Quran
700 ## - ADDED ENTRY--PERSONAL NAME
Personal name আহমেদ, হফেজ মুনির উদ্দিন
942 ## - ADDED ENTRY ELEMENTS (KOHA)
Source of classification or shelving scheme Dewey Decimal Classification
Koha item type Books
Holdings
Source of classification or shelving scheme Damaged status Not for loan Home library Current library Shelving location Total Checkouts Full call number Barcode Date last seen Copy number Koha item type
Dewey Decimal Classification     JCC Rouf Library JCC Rouf Library General Stacks   297.1227 QUR 2010 450 01/14/2018 C - 1 Books
Dewey Decimal Classification     JCC Rouf Library JCC Rouf Library General Stacks   297.1227 QUR 2010 2333 01/14/2018 C - 2 Books

JCC Library | Contacts | JCC Home

Last Update on 23 September 2017
Copyright @ 2017-2020 JCC Rouf Library
Rouf Library, Jhenidah Cadet College (JCC), Bangladesh